000 00262nam a22001097a 4500
008 240710b |||||||| |||| 00| 0 eng d
100 _aShavak, Bhojraj
_916770
245 _aAshirvad
260 _aBombay:
_bLok Sewa Mandal;
_c1964.
300 _a116p.
942 _cBK
999 _c39905
_d39905